[Event "DEM U8 2025"]
[Site "Willingen GER"]
[Date "2025.06.11"]
[Round "2"]
[White "Fredrich, Tarje"]
[Black "Mâallem, Mats"]
[Result "0-1"]
[Termination "normal"]
[Board "17"]
[WhiteElo "1052"]
[BlackElo "1157"]
[WhiteClock "00:43:26"]
[BlackClock "00:43:15"]
[PlyCount "62"]
[WhiteFideId "533031258"]
[EventCountry "GER"]
[EventRounds "7"]
[EventType "swiss"]
[EventDate "2025.06.10"]

1. e4 {[%clk 01:00:21]} {[%emt 00:00:09]} d5 {[%emt 00:00:52]} 2. exd5 {[%emt
00:00:02]} Nf6 {[%emt 00:00:10]} 3. Nc3 {[%clk 00:59:43]} {[%emt 00:00:17]}
Nxd5 {[%clk 01:00:10]} {[%emt 00:00:07]} 4. d4 {[%clk 00:59:46]} {[%emt
00:00:09]} Nxc3 {[%clk 01:00:17]} {[%emt 00:00:11]} 5. bxc3 {[%clk 00:59:40]}
{[%emt 00:00:20]} Bf5 {[%clk 01:00:17]} {[%emt 00:00:16]} 6. Bd3 {[%clk
00:59:01]} {[%emt 00:00:54]} Bxd3 {[%clk 00:59:37]} {[%emt 00:00:55]} 7. Qxd3
{[%clk 00:58:56]} {[%emt 00:00:19]} Nd7 {[%clk 00:58:52]} {[%emt 00:01:01]} 8.
Nf3 {[%emt 00:00:32]} e6 {[%emt 00:00:23]} 9. O-O {[%emt 00:00:29]} Be7 {[%emt
00:02:14]} 10. Bf4 {[%emt 00:00:20]} O-O {[%emt 00:00:11]} 11. Rab1 {[%clk
00:53:24]} {[%emt 00:01:30]} b6 {[%clk 00:58:48]} {[%emt 00:00:26]} 12. Qc4
{[%clk 00:51:49]} {[%emt 00:01:42]} c5 {[%clk 00:58:16]} {[%emt 00:00:55]} 13.
d5 {[%clk 00:51:39]} {[%emt 00:00:26]} exd5 {[%clk 00:57:28]} {[%emt 00:01:03]}
14. Qxd5 {[%clk 00:50:52]} {[%emt 00:00:05]} Nf6 {[%clk 00:57:14]} {[%emt
00:01:25]} 15. Qe5 {[%clk 00:50:21]} {[%emt 00:00:30]} Qd7 {[%clk 00:52:16]}
{[%emt 00:05:30]} 16. Rfd1 {[%clk 00:49:48]} {[%emt 00:00:32]} Qb7 {[%clk
00:52:05]} {[%emt 00:00:42]} 17. Be3 {[%clk 00:49:38]} {[%emt 00:00:24]} Rfe8
{[%clk 00:51:33]} {[%emt 00:00:48]} 18. Bxc5 {[%clk 00:49:31]} {[%emt
00:00:21]} Bxc5 {[%clk 00:51:17]} {[%emt 00:00:31]} 19. Qxc5 {[%clk 00:49:34]}
{[%emt 00:00:13]} Rab8 {[%clk 00:50:31]} {[%emt 00:01:01]} 20. Qd4 {[%clk
00:49:27]} {[%emt 00:00:19]} Rbc8 {[%clk 00:49:06]} {[%emt 00:01:42]} 21. c4
{[%clk 00:47:36]} {[%emt 00:01:57]} Qc6 {[%clk 00:48:26]} {[%emt 00:01:04]} 22.
Ne5 {[%clk 00:47:29]} {[%emt 00:00:17]} Qc5 {[%clk 00:47:46]} {[%emt 00:01:00]}
23. Qxc5 {[%emt 00:00:38]} Rxc5 {[%emt 00:00:30]} 24. f4 {[%clk 00:46:13]}
{[%emt 00:00:11]} g5 {[%clk 00:46:06]} {[%emt 00:02:07]} 25. fxg5 {[%emt
00:00:27]} Ne4 {[%emt 00:00:26]} 26. Nd3 {[%clk 00:44:56]} {[%emt 00:00:39]}
Rxc4 {[%clk 00:45:45]} {[%emt 00:00:37]} 27. Re1 {[%clk 00:44:48]} {[%emt
00:00:18]} Kf8 {[%clk 00:45:21]} {[%emt 00:00:43]} 28. Rb2 {[%clk 00:44:35]}
{[%emt 00:00:15]} Nxg5 {[%clk 00:44:00]} {[%emt 00:01:50]} 29. Ne5 {[%clk
00:44:09]} {[%emt 00:00:22]} Rd4 {[%clk 00:43:15]} {[%emt 00:01:19]} 30. Rb3
{[%clk 00:43:43]} {[%emt 00:00:30]} f6 {[%clk 00:43:02]} {[%emt 00:00:38]} 31.
Nf3 {[%clk 00:43:26]} {[%emt 00:00:19]} Nxf3+ {[%clk 00:43:15]} {[%emt
00:00:16]} 0-1

[Event "DEM U8 2025"]
[Site "Willingen GER"]
[Date "2025.06.11"]
[Round "2"]
[White "Fabritius, Sylvester"]
[Black "Korneli, Jakob"]
[Result "1-0"]
[Termination "normal"]
[Board "18"]
[WhiteElo "1147"]
[BlackElo "1052"]
[WhiteClock "00:33:01"]
[BlackClock "00:05:31"]
[PlyCount "157"]
[WhiteFideId "533026246"]
[BlackFideId "533024588"]
[EventCountry "GER"]
[EventRounds "7"]
[EventType "swiss"]
[EventDate "2025.06.10"]

1. d4 {[%clk 01:00:27]} {[%emt 00:00:02]} d5 {[%clk 01:00:02]} {[%emt
00:00:27]} 2. c4 {[%clk 01:00:35]} {[%emt 00:00:08]} c6 {[%clk 00:59:52]}
{[%emt 00:00:26]} 3. Nc3 {[%clk 01:00:34]} {[%emt 00:00:15]} Nf6 {[%clk
00:59:31]} {[%emt 00:00:34]} 4. Nf3 {[%clk 01:00:25]} {[%emt 00:00:25]} e6
{[%clk 00:59:01]} {[%emt 00:00:45]} 5. e3 {[%clk 01:00:28]} {[%emt 00:00:11]}
Bb4 {[%clk 00:58:47]} {[%emt 00:00:31]} 6. Bd2 {[%clk 01:00:29]} {[%emt
00:00:13]} O-O {[%clk 00:58:18]} {[%emt 00:00:44]} 7. Be2 {[%clk 01:00:26]}
{[%emt 00:00:18]} b6 {[%clk 00:56:08]} {[%emt 00:02:26]} 8. a3 {[%clk
01:00:31]} {[%emt 00:00:10]} Bd6 {[%clk 00:55:41]} {[%emt 00:00:42]} 9. O-O
{[%clk 01:00:23]} {[%emt 00:00:21]} Bb7 {[%clk 00:55:41]} {[%emt 00:00:17]} 10.
b4 {[%clk 00:59:43]} {[%emt 00:00:54]} c5 {[%clk 00:54:40]} {[%emt 00:01:18]}
11. Nb5 {[%clk 00:59:10]} {[%emt 00:00:46]} Be7 {[%clk 00:54:18]} {[%emt
00:00:37]} 12. Ne5 {[%clk 00:58:43]} {[%emt 00:00:42]} a6 {[%clk 00:51:06]}
{[%emt 00:03:27]} 13. Nc3 {[%clk 00:58:32]} {[%emt 00:00:26]} Nbd7 {[%clk
00:46:44]} {[%emt 00:04:38]} 14. Nxd7 {[%clk 00:58:30]} {[%emt 00:00:17]} Qxd7
{[%clk 00:45:55]} {[%emt 00:01:02]} 15. b5 {[%clk 00:57:58]} {[%emt 00:00:48]}
a5 {[%clk 00:41:21]} {[%emt 00:04:50]} 16. Na4 {[%clk 00:57:41]} {[%emt
00:00:32]} Qd6 {[%clk 00:39:30]} {[%emt 00:02:05]} 17. dxc5 {[%clk 00:57:18]}
{[%emt 00:00:38]} bxc5 {[%clk 00:38:50]} {[%emt 00:00:55]} 18. Qe1 {[%clk
00:56:46]} {[%emt 00:00:46]} Bd8 {[%clk 00:38:32]} {[%emt 00:00:34]} 19. Bf3
{[%clk 00:55:45]} {[%emt 00:01:17]} Bc7 {[%clk 00:38:21]} {[%emt 00:00:26]} 20.
g3 {[%clk 00:55:41]} {[%emt 00:00:18]} h6 {[%clk 00:36:33]} {[%emt 00:02:03]}
21. Bc3 {[%clk 00:54:56]} {[%emt 00:01:01]} e5 {[%clk 00:34:13]} {[%emt
00:02:33]} 22. Rd1 {[%clk 00:54:10]} {[%emt 00:01:02]} e4 {[%clk 00:31:52]}
{[%emt 00:02:36]} 23. Bg2 {[%clk 00:51:18]} {[%emt 00:03:07]} Nd7 {[%clk
00:30:22]} {[%emt 00:01:45]} 24. Qd2 {[%clk 00:50:03]} {[%emt 00:01:30]} Rfe8
{[%clk 00:29:18]} {[%emt 00:01:20]} 25. Qb2 {[%clk 00:49:10]} {[%emt 00:01:09]}
f6 {[%clk 00:28:43]} {[%emt 00:00:48]} 26. Bh3 {[%clk 00:48:32]} {[%emt
00:00:52]} Nf8 {[%clk 00:28:07]} {[%emt 00:00:52]} 27. Rd2 {[%clk 00:45:48]}
{[%emt 00:02:39]} Ng6 {[%clk 00:28:02]} {[%emt 00:00:40]} 28. Rfd1 {[%clk
00:45:24]} {[%emt 00:00:39]} Bb8 {[%clk 00:26:27]} {[%emt 00:01:50]} 29. Rxd5
{[%clk 00:41:37]} {[%emt 00:04:03]} Bxd5 {[%clk 00:26:08]} {[%emt 00:00:33]}
30. Rxd5 {[%clk 00:41:43]} {[%emt 00:00:09]} Qc7 {[%clk 00:25:54]} {[%emt
00:00:27]} 31. Rd7 {[%clk 00:41:00]} {[%emt 00:01:00]} Qc8 {[%clk 00:19:19]}
{[%emt 00:06:49]} 32. Rxg7+ {[%clk 00:40:41]} {[%emt 00:00:34]} Kxg7 {[%clk
00:19:01]} {[%emt 00:00:32]} 33. Bxf6+ {[%clk 00:40:27]} {[%emt 00:00:30]} Kf7
{[%clk 00:18:02]} {[%emt 00:01:14]} 34. Bxc8 {[%clk 00:40:26]} {[%emt
00:00:16]} Rxc8 {[%clk 00:18:01]} {[%emt 00:00:16]} 35. Nb6 {[%clk 00:40:32]}
{[%emt 00:00:10]} Ba7 {[%clk 00:15:52]} {[%emt 00:02:25]} 36. Nxa8 {[%clk
00:40:25]} {[%emt 00:00:21]} Rxa8 {[%clk 00:15:19]} {[%emt 00:00:47]} 37. b6
{[%clk 00:40:18]} {[%emt 00:00:24]} Bb8 {[%clk 00:15:16]} {[%emt 00:00:17]} 38.
b7 {[%clk 00:40:21]} {[%emt 00:00:12]} Ra6 {[%clk 00:15:03]} {[%emt 00:00:28]}
39. Qb5 {[%clk 00:40:03]} {[%emt 00:00:32]} Rxf6 {[%clk 00:14:54]} {[%emt
00:00:24]} 40. Qd7+ {[%clk 00:40:05]} {[%emt 00:00:13]} Kg8 {[%clk 00:14:19]}
{[%emt 00:00:50]} 41. Qd5+ {[%clk 00:39:54]} {[%emt 00:00:27]} Kg7 {[%clk
00:13:27]} {[%emt 00:01:07]} 42. Qxc5 {[%clk 00:38:48]} {[%emt 00:01:21]} a4
{[%clk 00:12:34]} {[%emt 00:01:08]} 43. Qd4 {[%clk 00:38:11]} {[%emt 00:00:51]}
h5 {[%clk 00:11:36]} {[%emt 00:01:13]} 44. Qd7+ {[%clk 00:38:06]} {[%emt
00:00:20]} Rf7 {[%clk 00:11:04]} {[%emt 00:00:45]} 45. Qxa4 {[%clk 00:37:50]}
{[%emt 00:00:34]} Rxb7 {[%clk 00:10:26]} {[%emt 00:00:52]} 46. Qa8 {[%clk
00:37:38]} {[%emt 00:00:27]} Rb1+ {[%clk 00:10:19]} {[%emt 00:00:23]} 47. Kg2
{[%clk 00:37:44]} {[%emt 00:00:09]} Bd6 {[%clk 00:10:03]} {[%emt 00:00:31]} 48.
Qxe4 {[%clk 00:37:38]} {[%emt 00:00:20]} Rb8 {[%clk 00:09:35]} {[%emt
00:00:44]} 49. Qd4+ {[%clk 00:37:31]} {[%emt 00:00:22]} Be5 {[%clk 00:09:05]}
{[%emt 00:00:45]} 50. Qd7+ {[%clk 00:37:35]} {[%emt 00:00:10]} Kh6 {[%clk
00:08:58]} {[%emt 00:00:22]} 51. f4 {[%clk 00:37:29]} {[%emt 00:00:22]} Bf6
{[%clk 00:08:02]} {[%emt 00:01:10]} 52. f5 {[%clk 00:37:07]} {[%emt 00:00:37]}
Nf8 {[%clk 00:07:58]} {[%emt 00:00:19]} 53. Qd6 {[%clk 00:36:57]} {[%emt
00:00:24]} Rb2+ {[%clk 00:07:54]} {[%emt 00:00:21]} 54. Kf3 {[%clk 00:36:57]}
{[%emt 00:00:14]} Kg7 {[%clk 00:07:58]} {[%emt 00:00:12]} 55. e4 {[%clk
00:36:22]} {[%emt 00:00:44]} Rb3+ {[%clk 00:07:20]} {[%emt 00:00:58]} 56. Kf4
{[%clk 00:36:14]} {[%emt 00:00:21]} Rb7 {[%clk 00:06:50]} {[%emt 00:00:48]} 57.
e5 {[%clk 00:36:18]} {[%emt 00:00:10]} Be7 {[%clk 00:06:40]} {[%emt 00:00:25]}
58. f6+ {[%clk 00:36:26]} {[%emt 00:00:07]} Bxf6 {[%clk 00:05:10]} {[%emt
00:01:45]} 59. Qxf6+ {[%clk 00:36:11]} {[%emt 00:00:31]} Kg8 {[%clk 00:05:04]}
{[%emt 00:00:21]} 60. e6 {[%clk 00:36:10]} {[%emt 00:00:16]} Nh7 {[%clk
00:04:55]} {[%emt 00:00:24]} 61. Qg6+ {[%clk 00:35:56]} {[%emt 00:00:29]} Kh8
{[%clk 00:05:00]} {[%emt 00:00:10]} 62. Qe8+ {[%clk 00:34:08]} {[%emt
00:02:02]} Kg7 {[%clk 00:05:08]} {[%emt 00:00:07]} 63. e7 {[%clk 00:34:09]}
{[%emt 00:00:14]} Rb6 {[%clk 00:04:48]} {[%emt 00:00:36]} 64. Qd7 {[%clk
00:33:53]} {[%emt 00:00:23]} Rf6+ {[%clk 00:04:38]} {[%emt 00:00:32]} 65. Ke3
{[%clk 00:33:56]} {[%emt 00:00:10]} Rf7 {[%clk 00:04:35]} {[%emt 00:00:20]} 66.
e8=Q {[%clk 00:33:47]} {[%emt 00:00:22]} Rxd7 {[%clk 00:04:39]} {[%emt
00:00:13]} 67. Qxd7+ {[%clk 00:33:54]} {[%emt 00:00:09]} Kh6 {[%clk 00:04:51]}
{[%emt 00:00:03]} 68. Qxh7+ {[%clk 00:33:44]} {[%emt 00:00:24]} Kxh7 {[%clk
00:04:59]} {[%emt 00:00:06]} 69. c5 {[%clk 00:33:31]} {[%emt 00:00:30]} h4
{[%clk 00:04:56]} {[%emt 00:00:18]} 70. c6 {[%clk 00:33:25]} {[%emt 00:00:21]}
hxg3 {[%clk 00:05:07]} {[%emt 00:00:03]} 71. hxg3 {[%clk 00:33:28]} {[%emt
00:00:12]} Kg6 {[%clk 00:05:13]} {[%emt 00:00:09]} 72. c7 {[%clk 00:33:37]}
{[%emt 00:00:07]} Kg5 {[%clk 00:05:05]} {[%emt 00:00:20]} 73. c8=Q {[%clk
00:33:04]} {[%emt 00:00:48]} Kg6 {[%clk 00:05:11]} {[%emt 00:00:11]} 74. Qf8
{[%clk 00:32:58]} {[%emt 00:00:20]} Kg5 {[%clk 00:05:17]} {[%emt 00:00:10]} 75.
a4 {[%clk 00:33:04]} {[%emt 00:00:10]} Kg4 {[%clk 00:05:11]} {[%emt 00:00:21]}
76. Qf4+ {[%clk 00:33:00]} {[%emt 00:00:17]} Kh3 {[%clk 00:05:20]} {[%emt
00:00:07]} 77. a5 {[%clk 00:32:59]} {[%emt 00:00:17]} Kg2 {[%clk 00:05:19]}
{[%emt 00:00:16]} 78. Ke2 {[%clk 00:32:56]} {[%emt 00:00:12]} Kh3 {[%clk
00:05:31]} {[%emt 00:00:08]} 79. Kf2 {[%clk 00:33:01]} {[%emt 00:00:07]} 1-0

[Event "DEM U8 2025"]
[Site "Willingen GER"]
[Date "2025.06.11"]
[Round "2"]
[White "Dowgialo, Franciszek"]
[Black "Stein, Fabian"]
[Result "1/2-1/2"]
[Termination "normal"]
[Board "19"]
[WhiteElo "1044"]
[BlackElo "1139"]
[WhiteClock "00:33:14"]
[BlackClock "00:49:54"]
[PlyCount "107"]
[EventCountry "GER"]
[EventRounds "7"]
[EventType "swiss"]
[EventDate "2025.06.10"]

1. e4 {[%clk 01:00:27]} {[%emt 00:00:02]} c6 {[%clk 01:00:22]} {[%emt
00:00:09]} 2. d4 {[%clk 01:00:33]} {[%emt 00:00:09]} d5 {[%clk 01:00:28]}
{[%emt 00:00:07]} 3. Nc3 {[%clk 01:00:27]} {[%emt 00:00:23]} dxe4 {[%clk
01:00:29]} {[%emt 00:00:14]} 4. Nxe4 {[%clk 01:00:23]} {[%emt 00:00:19]} Bf5
{[%clk 01:00:35]} {[%emt 00:00:08]} 5. Ng3 {[%clk 01:00:12]} {[%emt 00:00:27]}
Bg6 {[%clk 01:00:32]} {[%emt 00:00:17]} 6. h4 {[%clk 00:59:52]} {[%emt
00:00:35]} h5 {[%clk 01:00:36]} {[%emt 00:00:12]} 7. Nf3 {[%clk 00:59:34]}
{[%emt 00:00:33]} Nd7 {[%clk 01:00:41]} {[%emt 00:00:11]} 8. Bd3 {[%clk
00:59:13]} {[%emt 00:00:34]} Bxd3 {[%clk 01:00:40]} {[%emt 00:00:17]} 9. Qxd3
{[%clk 00:59:17]} {[%emt 00:00:11]} Ngf6 {[%clk 01:00:43]} {[%emt 00:00:12]}
10. Bd2 {[%clk 00:59:00]} {[%emt 00:00:31]} e6 {[%clk 01:00:50]} {[%emt
00:00:09]} 11. O-O-O {[%emt 00:00:29]} Ng4 {[%clk 01:00:43]} {[%emt 00:00:19]}
12. Ne4 {[%clk 00:58:10]} {[%emt 00:00:54]} Ndf6 {[%clk 01:00:09]} {[%emt
00:00:49]} 13. Rhf1 {[%clk 00:56:37]} {[%emt 00:01:48]} Nxe4 {[%clk 00:59:17]}
{[%emt 00:01:07]} 14. Qxe4 {[%clk 00:56:07]} {[%emt 00:00:44]} Qb6 {[%clk
00:58:21]} {[%emt 00:01:08]} 15. Ne5 {[%clk 00:53:49]} {[%emt 00:02:36]} Nxe5
{[%clk 00:57:37]} {[%emt 00:01:01]} 16. Qxe5 {[%clk 00:52:07]} {[%emt
00:01:57]} c5 {[%clk 00:56:43]} {[%emt 00:01:08]} 17. d5 {[%clk 00:50:36]}
{[%emt 00:01:46]} O-O-O {[%clk 00:55:38]} {[%emt 00:01:20]} 18. Bf4 {[%clk
00:47:52]} {[%emt 00:03:00]} Qd6 {[%clk 00:55:10]} {[%emt 00:00:44]} 19. dxe6
{[%clk 00:46:59]} {[%emt 00:01:07]} Qxe5 {[%emt 00:02:05]} 20. Rxd8+ {[%clk
00:46:40]} {[%emt 00:00:31]} Kxd8 {[%clk 00:53:25]} {[%emt 00:00:13]} 21. Bxe5
{[%clk 00:46:46]} {[%emt 00:00:09]} fxe6 {[%clk 00:53:19]} {[%emt 00:00:21]}
22. Rd1+ {[%clk 00:46:20]} {[%emt 00:00:41]} Kc8 {[%clk 00:53:12]} {[%emt
00:00:21]} 23. Rd3 {[%clk 00:44:48]} {[%emt 00:01:02]} Rh7 {[%clk 00:53:27]}
24. Bb8 {[%clk 00:41:58]} {[%emt 00:03:51]} Be7 {[%clk 00:53:09]} {[%emt
00:00:31]} 25. Bxa7 {[%clk 00:41:36]} {[%emt 00:00:38]} Bxh4 {[%clk 00:53:12]}
{[%emt 00:00:13]} 26. Bxc5 {[%clk 00:41:33]} {[%emt 00:00:18]} g5 {[%clk
00:53:01]} {[%emt 00:00:23]} 27. Bb6 {[%clk 00:41:39]} {[%emt 00:00:12]} g4
{[%clk 00:52:55]} {[%emt 00:00:20]} 28. g3 {[%clk 00:41:38]} {[%emt 00:00:16]}
Bg5+ {[%clk 00:52:54]} {[%emt 00:00:16]} 29. f4 {[%clk 00:41:40]} {[%emt
00:00:14]} Bf6 {[%clk 00:52:53]} {[%emt 00:00:16]} 30. Kd1 {[%clk 00:41:31]}
{[%emt 00:00:23]} h4 {[%clk 00:52:22]} {[%emt 00:00:46]} 31. gxh4 {[%emt
00:00:48]} Bxh4 {[%emt 00:00:05]} 32. Ke2 {[%clk 00:40:36]} {[%emt 00:00:17]}
Rg7 {[%clk 00:52:31]} {[%emt 00:00:05]} 33. Ke3 {[%clk 00:40:11]} {[%emt
00:00:41]} g3 {[%clk 00:52:33]} {[%emt 00:00:14]} 34. Rd1 {[%clk 00:39:16]}
{[%emt 00:01:10]} g2 {[%clk 00:52:17]} {[%emt 00:00:31]} 35. Ke4 {[%clk
00:39:20]} {[%emt 00:00:11]} Rd7 {[%clk 00:51:51]} {[%emt 00:00:41]} 36. Rxd7
{[%clk 00:38:28]} {[%emt 00:01:07]} Kxd7 {[%clk 00:51:58]} {[%emt 00:00:08]}
37. Ke5 {[%clk 00:38:27]} {[%emt 00:00:15]} Kc6 {[%clk 00:51:49]} {[%emt
00:00:24]} 38. Bg1 {[%clk 00:38:24]} {[%emt 00:00:18]} Kd7 {[%clk 00:51:39]}
{[%emt 00:00:26]} 39. b4 {[%clk 00:38:25]} {[%emt 00:00:14]} b5 {[%clk
00:51:36]} {[%emt 00:00:18]} 40. Kd4 {[%clk 00:37:32]} {[%emt 00:01:07]} Kc6
{[%clk 00:51:29]} {[%emt 00:00:23]} 41. c4 {[%clk 00:37:14]} {[%emt 00:00:32]}
Bg3 {[%clk 00:51:18]} {[%emt 00:00:24]} 42. cxb5+ {[%clk 00:36:27]} {[%emt
00:01:04]} Kxb5 {[%clk 00:51:31]} {[%emt 00:00:02]} 43. Be3 {[%emt 00:00:55]}
Bxf4 {[%emt 00:00:15]} 44. Bg1 {[%clk 00:35:00]} {[%emt 00:00:32]} Kxb4 {[%clk
00:51:06]} {[%emt 00:00:41]} 45. Kd3 {[%clk 00:35:05]} {[%emt 00:00:06]} e5
{[%clk 00:50:14]} {[%emt 00:01:30]} 46. Ke2 {[%clk 00:34:29]} {[%emt 00:00:55]}
Ka3 {[%clk 00:50:25]} {[%emt 00:00:11]} 47. Kf3 {[%clk 00:34:29]} {[%emt
00:00:10]} Kxa2 {[%clk 00:50:37]} {[%emt 00:00:08]} 48. Kxg2 {[%clk 00:34:32]}
{[%emt 00:00:12]} Kb3 {[%clk 00:50:46]} {[%emt 00:00:06]} 49. Kf3 {[%clk
00:34:19]} {[%emt 00:00:28]} Kc4 {[%clk 00:50:19]} {[%emt 00:00:42]} 50. Ke4
{[%clk 00:33:19]} {[%emt 00:01:15]} Kc3 {[%clk 00:50:24]} {[%emt 00:00:11]} 51.
Be3 {[%clk 00:33:21]} {[%emt 00:00:11]} Bg3 {[%clk 00:50:21]} {[%emt 00:00:16]}
52. Ba7 {[%clk 00:33:18]} {[%emt 00:00:21]} Kc4 {[%clk 00:49:44]} {[%emt
00:00:51]} 53. Bb8 {[%clk 00:33:16]} {[%emt 00:00:17]} Kc5 {[%clk 00:49:54]}
{[%emt 00:00:06]} 54. Bxe5 {[%clk 00:33:14]} {[%emt 00:00:17]} 1/2-1/2

[Event "DEM U8 2025"]
[Site "Willingen GER"]
[Date "2025.06.11"]
[Round "2"]
[White "Breaz, Arthur"]
[Black "Breger, Jonathan"]
[Result "1-0"]
[Termination "normal"]
[Board "20"]
[WhiteElo "1409"]
[BlackElo "1019"]
[WhiteClock "00:41:00"]
[BlackClock "00:40:55"]
[PlyCount "103"]
[WhiteFideId "42217008"]
[BlackFideId "533035768"]
[EventCountry "GER"]
[EventRounds "7"]
[EventType "swiss"]
[EventDate "2025.06.10"]

1. e4 {[%clk 01:00:26]} {[%emt 00:00:04]} e5 {[%clk 01:00:16]} {[%emt
00:00:14]} 2. Nf3 {[%clk 01:00:16]} {[%emt 00:00:26]} Nf6 {[%clk 01:00:21]}
{[%emt 00:00:10]} 3. Nxe5 {[%clk 01:00:22]} {[%emt 00:00:09]} d6 {[%clk
01:00:12]} {[%emt 00:00:24]} 4. Nf3 {[%clk 01:00:26]} {[%emt 00:00:10]} Nxe4
{[%clk 01:00:10]} {[%emt 00:00:16]} 5. Bc4 {[%clk 01:00:23]} {[%emt 00:00:20]}
Qe7 {[%clk 00:59:49]} {[%emt 00:00:36]} 6. O-O {[%clk 01:00:25]} {[%emt
00:00:11]} Nf6 {[%clk 00:58:48]} {[%emt 00:01:17]} 7. Re1 {[%clk 00:59:51]}
{[%emt 00:00:50]} Be6 {[%clk 00:58:45]} {[%emt 00:00:16]} 8. Bxe6 {[%clk
01:00:04]} {[%emt 00:00:04]} fxe6 {[%clk 00:58:20]} {[%emt 00:00:39]} 9. Nc3
{[%emt 00:02:19]} h6 {[%clk 00:57:53]} {[%emt 00:00:34]} 10. Nd4 {[%clk
00:58:00]} {[%emt 00:00:24]} e5 {[%clk 00:57:41]} {[%emt 00:00:25]} 11. Nb3
{[%clk 00:56:43]} {[%emt 00:01:34]} Nc6 {[%clk 00:56:46]} {[%emt 00:01:09]} 12.
d4 {[%clk 00:55:29]} {[%emt 00:01:31]} O-O-O {[%clk 00:56:22]} {[%emt
00:00:39]} 13. Be3 {[%clk 00:53:24]} {[%emt 00:02:20]} d5 {[%emt 00:02:20]} 14.
dxe5 {[%clk 00:51:09]} {[%emt 00:01:29]} Nxe5 {[%clk 00:55:04]} {[%emt
00:00:29]} 15. Bd4 {[%clk 00:51:18]} {[%emt 00:00:06]} Nfd7 {[%clk 00:52:55]}
{[%emt 00:02:22]} 16. f4 {[%emt 00:01:29]} Qf7 {[%clk 00:50:37]} {[%emt
00:01:21]} 17. fxe5 {[%clk 00:50:40]} {[%emt 00:00:53]} Bb4 {[%clk 00:50:28]}
{[%emt 00:00:21]} 18. e6 {[%clk 00:50:34]} {[%emt 00:00:23]} Qf5 {[%clk
00:49:29]} {[%emt 00:01:08]} 19. exd7+ {[%clk 00:50:24]} {[%emt 00:00:31]} Rxd7
{[%clk 00:49:19]} {[%emt 00:00:26]} 20. Rf1 {[%clk 00:47:28]} {[%emt 00:03:11]}
Qg5 {[%clk 00:48:41]} {[%emt 00:00:50]} 21. a3 {[%clk 00:47:25]} {[%emt
00:00:20]} Bxc3 {[%clk 00:48:17]} {[%emt 00:00:40]} 22. Bxc3 {[%clk 00:47:27]}
{[%emt 00:00:13]} Re8 {[%clk 00:47:50]} {[%emt 00:00:42]} 23. Qd3 {[%clk
00:45:47]} {[%emt 00:02:29]} Rde7 {[%clk 00:47:17]} {[%emt 00:00:48]} 24. Rae1
{[%clk 00:44:29]} {[%emt 00:01:33]} Qh4 {[%clk 00:46:05]} {[%emt 00:01:26]} 25.
Rxe7 {[%clk 00:43:22]} {[%emt 00:01:24]} Qxe7 {[%clk 00:45:38]} {[%emt
00:00:42]} 26. Qxd5 {[%clk 00:43:02]} {[%emt 00:00:35]} Qe3+ {[%clk 00:45:25]}
{[%emt 00:00:28]} 27. Kh1 {[%clk 00:42:50]} {[%emt 00:00:27]} Qe2 {[%clk
00:45:06]} {[%emt 00:00:31]} 28. Qf5+ {[%clk 00:42:23]} {[%emt 00:00:44]} Kb8
{[%clk 00:44:49]} {[%emt 00:00:32]} 29. Nc5 {[%clk 00:41:52]} {[%emt 00:00:45]}
g6 {[%clk 00:44:29]} {[%emt 00:00:35]} 30. Qf3 {[%clk 00:41:55]} {[%emt
00:00:11]} Qxf3 {[%clk 00:44:02]} {[%emt 00:00:43]} 31. Rxf3 {[%clk 00:42:02]}
{[%emt 00:00:09]} Rd8 {[%clk 00:43:53]} {[%emt 00:00:22]} 32. Rf8 {[%clk
00:41:36]} {[%emt 00:00:43]} Rxf8 {[%clk 00:43:22]} {[%emt 00:00:45]} 33. Nd7+
{[%clk 00:41:42]} {[%emt 00:00:09]} Kc8 {[%clk 00:43:25]} {[%emt 00:00:11]} 34.
Nxf8 {[%clk 00:41:14]} {[%emt 00:00:44]} g5 {[%clk 00:43:13]} {[%emt 00:00:28]}
35. g4 {[%clk 00:41:10]} {[%emt 00:00:18]} Kd8 {[%clk 00:43:11]} {[%emt
00:00:16]} 36. Bg7 {[%clk 00:41:16]} {[%emt 00:00:11]} b5 {[%clk 00:43:10]}
{[%emt 00:00:16]} 37. Bxh6 {[%clk 00:41:25]} {[%emt 00:00:05]} b4 {[%clk
00:43:11]} {[%emt 00:00:15]} 38. Bxg5+ {[%clk 00:41:34]} {[%emt 00:00:06]} Ke8
{[%clk 00:43:13]} 39. Ne6 {[%clk 00:41:34]} bxa3 {[%clk 00:43:13]} 40. bxa3
{[%clk 00:41:02]} {[%emt 00:04:35]} c6 {[%clk 00:42:58]} {[%emt 00:00:14]} 41.
h4 {[%clk 00:40:42]} {[%emt 00:00:35]} Kf7 {[%clk 00:42:49]} {[%emt 00:00:22]}
42. Nd8+ {[%clk 00:40:40]} {[%emt 00:00:19]} Kg7 {[%clk 00:42:33]} {[%emt
00:00:28]} 43. Nxc6 {[%clk 00:40:51]} {[%emt 00:00:07]} Kh7 {[%clk 00:42:35]}
{[%emt 00:00:13]} 44. Nxa7 {[%clk 00:40:50]} {[%emt 00:00:17]} Kh8 {[%emt
00:00:19]} 45. c4 {[%emt 00:00:09]} Kg8 {[%clk 00:42:17]} {[%emt 00:00:04]} 46.
c5 {[%clk 00:41:00]} {[%emt 00:00:06]} Kf8 {[%emt 00:00:32]} 47. h5 {[%clk
00:41:06]} {[%emt 00:00:06]} Kg7 {[%clk 00:41:57]} {[%emt 00:00:17]} 48. c6
{[%clk 00:41:17]} {[%emt 00:00:07]} Kh7 {[%clk 00:41:57]} {[%emt 00:00:14]} 49.
c7 {[%clk 00:41:24]} {[%emt 00:00:09]} Kg7 {[%clk 00:41:39]} {[%emt 00:00:34]}
50. c8=Q {[%clk 00:41:22]} {[%emt 00:00:17]} Kh7 {[%clk 00:41:25]} {[%emt
00:00:27]} 51. Bf6 {[%clk 00:40:47]} {[%emt 00:00:51]} Kh6 {[%clk 00:40:55]}
{[%emt 00:00:45]} 52. Qh8# {[%clk 00:41:00]} {[%emt 00:00:03]} 1-0